| 000 | 00730nam a2200217 a 4500 | ||
|---|---|---|---|
| 005 | 20241031063721.0 | ||
| 008 | 030402s1996 mx r 000 0 spa d | ||
| 020 | _a8488061900 | ||
| 035 | _aUPN01000123557 | ||
| 049 | _aCG | ||
| 050 | 4 |
_aHQ53 _bH2.78 |
|
| 100 | 1 |
_aHarris, Robie H. _933704 |
|
| 245 | 1 | 0 |
_aSexo-- ¿Qué es? : _bdesarrollo, cambios corporales, sexo y salud sexual / _cRobie H. Harris ; tr. Irene Saslavsky ; il. Michael Emberley. |
| 260 |
_aBarcelona, Esp.: _bSerres, _c1996. |
||
| 300 | _a89 p. | ||
| 534 |
_pTradución de: _tLet's talk about sex |
||
| 650 | 2 |
_aEducacion sexual para niños _93578 |
|
| 650 | 4 |
_aEducación sexual para la juventud _91513 |
|
| 700 | 1 |
_aEmberley, Michael, _eil. |
|
| 905 | _aLibro | ||
| 999 |
_c95737 _d95737 |
||